| 000 | 01223nam a2200229Ia 4500 | ||
|---|---|---|---|
| 001 | 9302 | ||
| 003 | GE_BSU | ||
| 008 | 181216s||||||||xx |||||||||||||| ||und|| | ||
| 020 | _a9789941448799 | ||
| 040 | _cGE_BSU | ||
| 080 | _a811.353+7+1 | ||
| 245 | _aსაერთაშორისო სამეცნიერო კონფერენცია:თანამედროვე ინტერდისციპლინარიზმი და ჰუმანიტარული აზროვნება | ||
| 245 | _bნაწ.1.ქართველოლოგია.აღმოსავლეთმოდნეობა,ხელოვნება,კულტურა,ფილოსოფია | ||
| 245 | _cმთ.რედ.ირმა ყიფიანი | ||
| 260 | _aქუთაისი | ||
| 260 | _bაწსუ | ||
| 260 | _c2013 | ||
| 300 | _a500გვ.29სმ. | ||
| 653 | _aთანამედროვე ინტერდისციპლინარიზმი და ჰუმანიტარული აზროვნება | ||
| 653 | _aსაერთაშორისო სამეცნიერო კონფერენცია | ||
| 942 | _cBK | ||
| 999 |
_c42599 _d42599 |
||